000 00471nam a22001937a 4500
003 OSt
005 20231015110632.0
008 231015b |||||||| |||| 00| 0 eng d
022 _29780367643737
040 _aSEKU
050 _aTA 330
_b.B52 2021
100 _aBird John
245 _aBird's Higher engineering Mathematics
250 _a9th
260 _aLondon:
_bRoutlegdge,
_c2021.
300 _a915p.:
650 _aEngineering
_xMathematics
942 _2lcc
_cGEN
999 _c18368
_d18368